000 00339nam a2200109Ia 4500
008 160531s9999 xx 000 0 und d
100 _aJohansen, Melanie N.
245 _aMicroalgae: Biotechnology, Microbiology And Energy
245 _cBy:Melanie N. Johansen
260 _c2011
856 _uhttp://file.ebook777.com/012/MicBioMicAndEne.pdf
999 _c295514
_d295514